000 00788nam a2200265 i 4500
001 C2-0249999
003 PPAK
005 20180727213818.0
008 030611s2000 caua|||| ||||| | eng d
020 _a1560065842
040 _aPPAK
_beng
_cPPAK
_erda
082 0 4 _a940.53
_223
090 0 0 _a940.53
_bWEA
_dR
245 0 0 _aWeapons of war
264 1 _aSan Diego, California :
_bLucent Books ,
_c2000
300 _a112 pages :
_billustrations ;
_c24 cm
336 _2rdacontent
_atext
337 _2rdamedia
_aunmediated
338 _2rdacarrier
_avolume
490 1 _aAmerican war library - World War II
500 _aIncludes bibliographical references and index
650 1 0 _aWorld War, 1939-1945 ; Weapons
830 0 _aAmerican war library - World War II
942 _ddc
_cB
999 _c63390
_d63390